| 000 | 00924nas a2200265 4500 | ||
|---|---|---|---|
| 001 | BR8600277 | ||
| 003 | BR-BrBNA | ||
| 005 | 20231205090316.0 | ||
| 007 | ta | ||
| 008 | 230509b bl.|||p| |||| 00| 00por d | ||
| 040 |
_aBR-BrBNA _bpor _cBiblioteca Nacional de Agricultura |
||
| 041 | _a(Pt) | ||
| 072 | _aH50 | ||
| 100 | 1 | _aMaluf, A.M. | |
| 100 | 1 | _aMartins, P.S. | |
| 100 | 1 | _aMaluf, W.R. | |
| 245 | 1 | _aPersistencia de cotiledones na plantula como parametro para avaliacao da tolerancia ao aluminio em Leucaena leucocephala | |
| 246 | 1 | _aCotyledon persistence in the seedling as a parameter for evaluation of aluminum tolerance: in Leucaena leucocephala | |
| 650 | _aLEUCAENA | ||
| 650 | _aALUMINIO | ||
| 650 | _aTOXIDEZ | ||
| 773 | 0 |
_tPesquisa Agropecuaria Brasileira (Brazil) _xISSN 0100-204X _g(Mar 1985), v. 20(3) p. 355-360 _wBR8600277 |
|
| 909 |
_a202311 _bLúcia _c55 _dLúcia Elande |
||
| 942 |
_2AGRIS _n0 _cANA |
||
| 999 |
_c117528 _d117528 |
||